Culture Générale - Série 213 - Statistiques

Statistiques générales
  • Ce quiz a été pris 273 fois
    123 depuis la dernière actualisation
  • Le résultat moyen est 3 sur 10
Statistiques - réponses
Question Réponse % Correct
Quel nom les habitants de la ville de Montpellier portent-ils ? Les Montpelliérains
82%
Quel groupe chante "Another Brick in the Wall" avec une chorale d'enfants ? Pink Floyd
63%
Au poker, quelle combinaison se situe entre la paire et le brelan ? La double paire
44%
Pour Johnny Hallyday, que va faire la vie selon sa chanson de 1963 ? Commencer
37%
A qui doit-on la chanson "Inch'Allah" en 1967 ? Adamo
26%
Selon le titre de sa chanson de 1960, que réclame la femme de Bob Azzam ? Du couscous
22%
Quel prénom complète le titre du tube de Joe Dassin : "C'est la vie" ? Lily
16%
En 1983, qui incarne le général Spontz dans "Papy fait de la résistance" ? Roland Giraud
10%
En 1931, quel acteur incarne la créature de "Frankenstein" au cinéma ? Boris Karloff
7%
Quel roman de Marcel Aymé, Claude Berri a-t-il porté à l'écran en 1990 ? Uranus
5%
Aucun quiz correspondant
Distribution des résultats
% des personnes avec chaque résultat
Percentile par nombre de réponses
Votre historique - résultats
Vous n’avez pas pris ce quiz depuis la dernière actualisation